Handbook of postsurgical rehabilitation guidelines for the orthopedic clinician

Other Authors: Cioppa-Mosca, JeMe, Tucker, Carmen Young, Cahill, Janet B.
Published: St. Louis, Mo.: Mosby, 2008.
Subjects:
LEADER 00966cam a2200253 7i4500
001 0000035692
005 20200316090000.0
020 |a 9780323049399 (pbk.)  
020 |a 0323049397  
090 0 0 |a RD811   |b .H276 2008 
245 0 0 |a Handbook of postsurgical rehabilitation guidelines for the orthopedic clinician   |c edited by JeMe Cioppa-Mosca, Janet B. Cahill, Carmen Young Tucker. 
260 |a St. Louis, Mo.:   |b Mosby,   |c 2008. 
300 |a xvii, 446 p.:   |b 19 cm. 
504 |a Includes bibliographic references and index 
650 0 0 |a Musculoskeletal system --   |x Surgery --   |x Patients --   |x Rehabilitation  
650 0 0 |a Physical therapy  
650 0 0 |a Orthopedics  
700 1 |a Cioppa-Mosca, JeMe  
700 1 |a Tucker, Carmen Young  
700 1 |a Cahill, Janet B.  
997 |a Health Sciences, Faculty 
998 |a Medical Laboratory Technology, Diploma 
998 |a Medical Laboratory Technology, Degree 
999 |a 0000046912  |b BOK  |c REFERENCE  |e 2nd Floor, Shah Alam